Online Catalogue and eLibrary

Youth Power In The Modern World (Record no. 1541)

MARC details
000 -LEADER
fixed length control field 00405nam a2200169Ia 4500
005 - DATE AND TIME OF LATEST TRANSACTION
control field 20250108024931.0
008 - FIXED-LENGTH DATA ELEMENTS--GENERAL INFORMATION
fixed length control field 240331s9999 xx 000 0 und d
020 ## - INTERNATIONAL STANDARD BOOK NUMBER
ISBN 8120201477
082 ## - DDC Classification
Item Number - Author Mark BAL
DDC Edition Number 1296
Class No. 305.23
100 ## - MAIN ENTRY--PERSONAL NAME
Personal name Balan, K
245 #0 - TITLE STATEMENT
Title Youth Power In The Modern World
260 ## - PUBLICATION, DISTRIBUTION, ETC.
Place of publication, distribution, etc. Delhi
Name of publisher, distributor, etc. Ajanta Publications
Date of publication, distribution, etc. 1985
300 ## - PHYSICAL DESCRIPTION
Extent (e.g. Volumes, Pages etc.) 56 p.,
650 ## - SUBJECT ADDED ENTRY--TOPICAL TERM
Topical term or geographic name entry element Youth
650 ## - SUBJECT ADDED ENTRY--TOPICAL TERM
Topical term or geographic name entry element Modern
942 ## - Koha item type (Biblio)
Koha item type Books in Stacks (Lending)
Holdings
Lost status Damaged status Collection code Home library Current library Shelving location Date acquired Full call number Accession Number Item type
    Lending WERC Library WERC Library Social Science Cupboard 03/31/2024 305.23 BAL 1296 Books in Stacks (Lending)

© WERC Library